000
00333nam a22001217a 4500
040
_c
HS
082
_a
235
100
_a
NA
245
_a
ក្រុមបច្ចេកទេសអនុវត្តប្រមូលផលព្រៃឈើនៅកម្ពុជា
260
_a
Cambodia
_b
NA
_c
NA
300
_a
69p;
942
_c
KB
999
_c
9275
_d
9275